000 00669nam a2200193 a 4500
003 0
005 20250226090624.0
008 101013s19uu xx 00 eng d
050 _aPHS TP 358
_b.H75 2010
100 _aHong, Sung Hee.
245 _aEthanol production from mango fermentation /
_cSung Hee Hong.
260 _aLas PiƱas City, Philippines :
_bSouthville International School and Colleges,
_c2010.
300 _a28 pages :
_billustrations ;
_c30 cm.
504 _aIncludes bibliographical references.
650 _aEthanol
_xProduction.
650 _aFermentation
_xIndustrial applications.
650 _aMango
_xBiochemical properties.
942 _2lcc
_cPASS
999 _c98437
_d98437